Radio ray propagation in the ionosphere (Record no. 2435)

MARC details
000 -LEADER
fixed length control field 00586nam a2200193Ia 4500
003 - CONTROL NUMBER IDENTIFIER
control field IN-BaIIA
008 - FIXED-LENGTH DATA ELEMENTS--GENERAL INFORMATION
fixed length control field 211028s9999 xx 000 0 eng d
040 ## - CATALOGING SOURCE
Transcribing agency IIA Library
080 ## - UNIVERSAL DECIMAL CLASSIFICATION NUMBER
Universal Decimal Classification number 551.510.5
Item number KEL
100 ## - MAIN ENTRY--PERSONAL NAME
Personal name Kelso, John M.
9 (RLIN) 4348
245 #0 - TITLE STATEMENT
Title Radio ray propagation in the ionosphere
Statement of responsibility, etc. John M. Kelso
260 ## - PUBLICATION, DISTRIBUTION, ETC.
Place of publication, distribution, etc. New York
Name of publisher, distributor, etc. McGraw-Hill
Date of publication, distribution, etc. 1964
300 ## - PHYSICAL DESCRIPTION
Extent xiii, 408p.
490 ## - SERIES STATEMENT
Series statement McGraw-Hill electronic sciences series
650 ## - SUBJECT ADDED ENTRY--TOPICAL TERM
Topical term or geographic name entry element Ionosphere
650 ## - SUBJECT ADDED ENTRY--TOPICAL TERM
Topical term or geographic name entry element NASA Thesaurus
650 ## - SUBJECT ADDED ENTRY--TOPICAL TERM
Topical term or geographic name entry element Radio transmission
9 (RLIN) 4349
942 ## - ADDED ENTRY ELEMENTS (KOHA)
Koha item type Books
Holdings
Withdrawn status Lost status Damaged status Not for loan Home library Current library Shelving location Date acquired Cost, normal purchase price Total Checkouts Full call number Barcode Date last seen Cost, replacement price Price effective from Koha item type Purchase Price
        IIA Library-Bangalore IIA Library-Bangalore General Stacks 01/06/1965 87.50   551.510.5/ KEL 2721 05/11/2021 87.50 01/06/1965 Books Rs. 87.50

Powered by Koha